| 000 | 00431nam a22001457a 4500 | ||
|---|---|---|---|
| 999 |
_c18043 _d18043 |
||
| 003 | OSt | ||
| 005 | 20230327142443.0 | ||
| 008 | 230327b ||||| |||| 00| 0 eng d | ||
| 040 | _c0 | ||
| 082 | _aDPer 370.5 M720 June - December 2017 v66 no. 1-7 | ||
| 245 | _aModern Teacher | ||
| 260 |
_aPhilippines : _bPapi Publishers, Inc., _cJune-December 2017 |
||
| 300 |
_avarious paging: _bcolor illustrations; _c29 cm. |
||
| 942 |
_2ddc _cPER |
||